Loading...

Research methodology for biological sciences

Bibliographic Details
Main Author: Gurumani, N; Author
Format: Printed Book
Published: Chennai, MJP Publishers 2006
Subjects:
LEADER 006790000a22002050004500
020 |a 978-81-8094-016-0 
082 |a 570.72 P61 
100 |a Gurumani, N; Author 
245 |a Research methodology for biological sciences 
250
260 |a Chennai, MJP Publishers 
260 |c 2006 
460 |a xvi, 753p 
465 |a Rs.480.00 
500 |a Includes bibliographical references,glossary and index 
500 |a N Gurumani 
650 |a Research methodology-Biological science 
942 |c BK 
999 |c 47845  |d 47845 
952 |0 0  |1 0  |4 0  |6 570_720000000000000_P61  |7 0  |8 ENG  |9 48577  |a MGUL  |b MGUL  |d 2013-07-16  |e Rs.480.00  |l 16  |m 4  |o 570.72 P61  |p 46121  |r 2020-01-29  |s 2019-12-08  |w 2013-07-16  |y BK